Kahish : . . . ik na mokamal kitha = کاہش : ۔ ۔ ۔ اک نامکمل کتھا / (Record no. 122187)
[ view plain ]
| 000 -LEADER | |
|---|---|
| fixed length control field | 00544nam a22001457a 4500 |
| 005 - DATE AND TIME OF LATEST TRANSACTION | |
| control field | 20210505100517.0 |
| 008 - FIXED-LENGTH DATA ELEMENTS--GENERAL INFORMATION | |
| fixed length control field | 210505b ||||| |||| 00| 0 eng d |
| 040 ## - CATALOGING SOURCE | |
| Transcribing agency | PK-LaUMT |
| 082 ## - DEWEY DECIMAL CLASSIFICATION NUMBER | |
| Classification number | RHC 891.4393 |
| Item number | MAL-K |
| 100 ## - MAIN ENTRY--PERSONAL NAME | |
| Personal name | Malik Kashif Mahmood Awan = ملک کاشف محمود اعوان |
| 245 ## - TITLE STATEMENT | |
| Title | Kahish : . . . ik na mokamal kitha = کاہش : ۔ ۔ ۔ اک نامکمل کتھا / |
| Statement of responsibility, etc | by Malik Kashif Mahmood Awan = ملک کاشف محمود اعوان |
| 260 ## - PUBLICATION, DISTRIBUTION, ETC. (IMPRINT) | |
| Place of publication, distribution, etc | Sahiwal : |
| Name of publisher, distributor, etc | Graduate Press, |
| Date of publication, distribution, etc | NA |
| 300 ## - PHYSICAL DESCRIPTION | |
| Extent | 191 p. |
| 942 ## - ADDED ENTRY ELEMENTS (KOHA) | |
| Koha item type | Books |
| Withdrawn status | Lost status | Damaged status | Home library | Current library | Date acquired | Full call number | Barcode | Date last seen | Price effective from | Koha item type |
|---|---|---|---|---|---|---|---|---|---|---|
| UMT Main Campus | UMT Main Campus | 2021-05-05 | RHC 891.4393 MAL-K | 137107 | 2021-05-05 | 2021-05-05 | Books |
